Prírodný park v Betliari, problémy pri jeho údržbe a ochrane

Bibliographic Details
Main Author: Kriak, Martin, 1916-1987 (Author)
Format: Article
Language:Slovak
PhysicalDescription:Obr. 8.
Subjects:

MARC

LEADER 00000nab a2200000 a 4500
001 vtls000212522
003 SK-MaSNL
005 20260304062318.0
008 250422c1985 xo 0 slo
015 |a SNBRB19rr/mm-uuuuu 
035 |a CL0222636 
035 |a (urnnbn)urn:nbn:sk:snk:ar-a07oqr 
035 |a (uuid)cd666f6d-5979-40fc-9255-5f43ff7350d7 
035 |a urn:nbn:sk:snk-ab8aj9 
040 |a SNKBUCL  |b slo  |c SNKBUCL  |e AACR2 
041 0 |a slo 
044 |a xo  |c SK 
080 |a 630 27  |2 1981 
100 1 |a Kriak, Martin,  |d 1916-1987  |4 aut  |9 54396 
245 1 0 |a Prírodný park v Betliari, problémy pri jeho údržbe a ochrane  |c Martin Kriak 
300 |b Obr. 8. 
650 0 7 |a prírodné parky  |2 snkbucl  |9 3796 
651 7 |a Betliar (Slovensko)  |2 snkbucl  |9 20285 
655 7 |a články z novín a časopisov  |2 snkbucl  |9 267496 
773 0 |t Pamiatky príroda  |g Roč. 30, č. 2 (1985), s. 26-31 
850 |a Slovenská národná knižnica 
852 |a Slovenská národná knižnica 
954 |a odborná, vedecká literatúra pôvodná (slovenská)  |2 lita 
957 |a 5408 
958 |a article9 
958 |a RK 
958 |a OND 
958 |a EUIPO 
992 |a RBX 
999 |c 2737477  |d 2739407